สารานุกรมการปกครองท้องถิ่นไทย หมวดที่ 5 ประชาสังคมกับการปกครองท้องถิ่น ลำดับที่ 1 เรื่อง องค์กรความร่วมมือระหว่างองค์กรปกครองส่วนท้องถิ่น / (ระเบียนเลขที่ 50396)
| 000 -LEADER | |
|---|---|
| fixed length control field | 02786nam a22003017a 4500 |
| 005 - DATE AND TIME OF LATEST TRANSACTION | |
| control field | 20251125233016.0 |
| 008 - FIXED-LENGTH DATA ELEMENTS--GENERAL INFORMATION | |
| fixed length control field | s2547 th tha d |
| 020 ## - INTERNATIONAL STANDARD BOOK NUMBER | |
| International Standard Book Number | 9744491361 |
| 040 ## - CATALOGING SOURCE | |
| Original cataloging agency | NALT |
| 041 ## - LANGUAGE CODE | |
| Language code of text/sound track or separate title | tha |
| 090 ## - LOCALLY ASSIGNED LC-TYPE CALL NUMBER (OCLC); LOCAL CALL NUMBER (RLIN) | |
| Classification number (OCLC) (R) ; Classification number, CALL (RLIN) (NR) | KE 101 |
| Local cutter number (OCLC) ; Book number/undivided call number, CALL (RLIN) | พ343ส 2547 ม.5/1 |
| 110 0# - MAIN ENTRY--CORPORATE NAME | |
| Corporate name or jurisdiction name as entry element | สถาบันพระปกเกล้า |
| 245 10 - TITLE STATEMENT | |
| Title | สารานุกรมการปกครองท้องถิ่นไทย หมวดที่ 5 ประชาสังคมกับการปกครองท้องถิ่น ลำดับที่ 1 เรื่อง องค์กรความร่วมมือระหว่างองค์กรปกครองส่วนท้องถิ่น / |
| Statement of responsibility, etc. | สถาบันพระปกเกล้า. |
| 260 ## - PUBLICATION, DISTRIBUTION, ETC. | |
| Place of publication, distribution, etc. | นนทบุรี : |
| Name of publisher, distributor, etc. | สถาบันพระปกเกล้า, |
| Date of publication, distribution, etc. | 2547. |
| 300 ## - PHYSICAL DESCRIPTION | |
| Extent | 1 เล่ม : |
| Dimensions | 21 ซม. |
| 610 ## - SUBJECT ADDED ENTRY--CORPORATE NAME | |
| Corporate name or jurisdiction name as entry element | สถาบันพระปกเกล้า |
| 650 04 - SUBJECT ADDED ENTRY--TOPICAL TERM | |
| Topical term or geographic name entry element | องค์กรปกครองส่วนท้องถิ่น |
| 650 04 - SUBJECT ADDED ENTRY--TOPICAL TERM | |
| Topical term or geographic name entry element | ความร่วมมือระหว่างองค์กรปกครองส่วนท้องถิ่น -- ไทย |
| 650 04 - SUBJECT ADDED ENTRY--TOPICAL TERM | |
| Topical term or geographic name entry element | ความร่วมมือระหว่างองค์กรปกครองส่วนท้องถิ่น -- สหรัฐอเมริกา |
| 650 04 - SUBJECT ADDED ENTRY--TOPICAL TERM | |
| Topical term or geographic name entry element | ความร่วมมือระหว่างองค์กรปกครองส่วนท้องถิ่น -- ญี่ป่น |
| 650 04 - SUBJECT ADDED ENTRY--TOPICAL TERM | |
| Topical term or geographic name entry element | ความร่วมมือระหว่างองค์กรปกครองส่วนท้องถิ่น -- ฝรั่งเศส |
| 650 04 - SUBJECT ADDED ENTRY--TOPICAL TERM | |
| Topical term or geographic name entry element | การปกครองท้องถิ่น -- ไทย -- สารานุกรม |
| 650 04 - SUBJECT ADDED ENTRY--TOPICAL TERM | |
| Topical term or geographic name entry element | การปกครองท้องถิ่น -- ไทย -- สารานุกรมความร่วมมือระหว่างองค์กรปกครองส่วนท้องถิ่น -- ฝรั่งเศสความร่วมมือระหว่างองค์กรปกครองส่วนท้องถิ่น -- ญี่ป่นความร่วมมือระหว่างองค์กรปกครองส่วนท้องถิ่น -- สหรัฐอเมริกาความร่วมมือระหว่างองค์กรปกครองส่วนท้องถิ่น -- ไทยองค์กรปกครองส่วนท้องถิ่น |
| 850 ## - HOLDING INSTITUTION | |
| Holding institution | NALT |
| 856 40 - ELECTRONIC LOCATION AND ACCESS | |
| Uniform Resource Identifier | <a href="https://hdl.handle.net/20.500.14156/302997">https://hdl.handle.net/20.500.14156/302997</a> |
| -- | 1 |
| 942 ## - ADDED ENTRY ELEMENTS (KOHA) | |
| Koha item type | Law Book |
| Source of classification or shelving scheme | Library of Congress Classification |
| Withdrawn status | Lost status | Damaged status | Not for loan | Collection code | Home library | Current library | Total Checkouts | Full call number | Barcode | Date last seen | Copy number | Price effective from | Koha item type |
|---|---|---|---|---|---|---|---|---|---|---|---|---|---|
| Law Book collection | National Assembly Library of Thailand | National Assembly Library of Thailand | KE 101 พ343ส 2547 ม.5/1 | 3961163986 | 09/06/2017 | ฉ. 1 | 09/06/2017 | Law Book | |||||
| Law Book collection | National Assembly Library of Thailand | National Assembly Library of Thailand | KE 101 พ343ส 2547 ม.5/1 | 3961163985 | 09/06/2017 | ฉ. 1 | 09/06/2017 | Law Book |
